| 000 | 00614nam a2200181 a 4500 | ||
|---|---|---|---|
| 005 | 20230524063542.0 | ||
| 008 | 991125s1968 mx 000 0 spa u | ||
| 035 | _aUPN01000009126 | ||
| 049 | _aCG | ||
| 050 | 4 |
_aQA135.5 _bB5.28 |
|
| 100 | 1 | _aBlaney, Rosemarie B. | |
| 245 | 1 | 0 |
_aCómo enseñar las nuevas matemáticas en las escuelas elementales / _cRosamarie B. Blaney ; tr. por Jack M. Verrey. |
| 260 |
_aMéxico : _bUTEHA, _c1968. |
||
| 300 |
_a104 p. : _bil. |
||
| 440 | 0 |
_aManual UTEHA breve ; _v389 _pSección 17. _pEducación |
|
| 650 | 4 |
_aAritmética _xEstudio y enseñanza (Elemental) _95289 |
|
| 905 | _aLibro | ||
| 999 |
_c9126 _d9126 |
||